[Event "HUN-chT2 Szechenyi 0405"]
[Site "Hungary"]
[Date "2005.04.24"]
[Round "11"]
[White "Foki, Robert"]
[Black "Takacs, Andras"]
[Result "0-1"]
[WhiteElo "1925"]
[BlackElo "2047"]
[PlyCount "120"]
[EventDate "2004.09.26"]
[EventType "team"]
[EventRounds "11"]
[EventCountry "HUN"]
[SourceTitle "EXT 2009"]
[Source "ChessBase"]
[SourceDate "2008.11.26"]
[SourceVersion "1"]
[SourceVersionDate "2008.11.26"]
[SourceQuality "1"]
[WhiteTeam "Arboretum"]
[BlackTeam "Haladas II"]
[WhiteTeamCountry "HUN"]
[BlackTeamCountry "HUN"]

1. d4 Nf6 2. Nf3 d5 3. c3 e6 4. Qc2 c5 5. Bg5 cxd4 6. Nxd4 Bd7 7. Nd2 Nc6 8. N4f3 Rc8 9. e4 Be7 10. exd5 Nxd5 11. Bxe7 Qxe7 12. a3 0-0 13. Bd3 g6 14. 0-0 Nf4 15. Ne4 f5 16. Ned2 Nxd3 17. Qxd3 e5 18. Rfe1 e4 19. Qb5 Qf6 20. Rad1 Rf7 21. Qxb7 exf3 22. Nxf3 Rb8 23. Qc7 Be8 24. Qf4 Rd8 25. Rd2 Re7 26. Qc4+ Kg7 27. Rde2 Rxe2 28. Qxe2 Bf7 29. Qc2 Bd5 30. Nd4 Be4 31. Qa4 Nxd4 32. Qxa7+ Qf7 33. Qxf7+ Kxf7 34. cxd4 Rxd4 35. f3 Bc2 36. Re2 Bb3 37. Kf2 Bd1 38. Re1 f4 39. h4 h5 40. Re5 Kf6 41. Re8 Bb3 42. Ke2 Rd6 43. Rb8 Bc4+ 44. Ke1 Re6+ 45. Kd1 Bf1 46. Rb4 Kf5 47. a4 Bxg2 48. Rb5+ Kf6 49. Rb3 Re3 50. Rxe3 fxe3 51. Ke2 g5 52. a5 Bh3 53. a6 Bc8 54. a7 Bb7 55. hxg5+ Kxg5 56. Kxe3 h4 57. Kf2 Kf4 58. Kg2 Bxf3+ 59. Kh3 Kg5 60. b3 Be4 0-1

[Event "HUN-chT2 Szechenyi 0405"]
[Site "Hungary"]
[Date "2004.10.10"]
[Round "2"]
[White "Takacs, Andras"]
[Black "Gelle, Istvan"]
[Result "1/2-1/2"]
[WhiteElo "2047"]
[BlackElo "2215"]
[PlyCount "27"]
[EventDate "2004.09.26"]
[EventType "team"]
[EventRounds "11"]
[EventCountry "HUN"]
[SourceTitle "EXT 2009"]
[Source "ChessBase"]
[SourceDate "2008.11.26"]
[SourceVersion "1"]
[SourceVersionDate "2008.11.26"]
[SourceQuality "1"]
[WhiteTeam "Haladas II"]
[BlackTeam "Ajka Banyasz"]
[WhiteTeamCountry "HUN"]
[BlackTeamCountry "HUN"]

1. e4 d5 2. exd5 Nf6 3. d4 Nxd5 4. c4 Nb6 5. Be2 Nc6 6. d5 Ne5 7. b3 e6 8. Bb2 Qf6 9. dxe6 Bxe6 10. Qc1 Bb4+ 11. Bc3 Nc6 12. Nf3 Bxc3+ 13. Nxc3 0-0 14. 0-0 1/2-1/2

[Event "HUN-chT2 Szechenyi 0304"]
[Site "Hungary"]
[Date "2004.04.18"]
[Round "11"]
[White "Horvath, Laszlo2222"]
[Black "Takacs, Andras"]
[Result "0-1"]
[WhiteElo "2130"]
[BlackElo "2035"]
[PlyCount "68"]
[EventDate "2003.09.28"]
[EventType "team"]
[EventRounds "11"]
[EventCountry "HUN"]
[SourceTitle "EXT 2009"]
[Source "ChessBase"]
[SourceDate "2008.11.26"]
[SourceVersion "1"]
[SourceVersionDate "2008.11.26"]
[SourceQuality "1"]
[WhiteTeam "Gyor Vizugy"]
[BlackTeam "Haladas II"]
[WhiteTeamCountry "HUN"]
[BlackTeamCountry "HUN"]

1. e4 e5 2. Nf3 Nc6 3. Bb5 a6 4. Ba4 Nf6 5. d4 exd4 6. 0-0 Be7 7. Re1 0-0 8. e5 Ne8 9. Bxc6 dxc6 10. Nxd4 c5 11. Nb3 Qxd1 12. Rxd1 Bf5 13. Nc3 c6 14. Be3 b6 15. Rd2 Nc7 16. Kf1 Rad8 17. Rad1 Be6 18. Ne4 Nd5 19. Bg5 Bxg5 20. Nxg5 Bg4 21. Nf3 Rde8 22. Re1 f6 23. c4 Nc7 24. Rd6 Re6 25. Rxe6 Nxe6 26. exf6 gxf6 27. Nfd2 Rd8 28. Ne4 Kf7 29. f3 Bf5 30. Kf2 Nf4 31. Re3 Nd3+ 32. Ke2 Nxb2 33. Nbd2 Bxe4 34. fxe4 Rxd2+ 0-1

[Event "HUN-chT2 Szechenyi 0203"]
[Site "Hungary"]
[Date "2002.11.24"]
[Round "3"]
[White "Rozsa, Peter"]
[Black "Takacs, Andras"]
[Result "1/2-1/2"]
[WhiteElo "2214"]
[BlackElo "2027"]
[PlyCount "112"]
[EventDate "2002.09.22"]
[EventType "team"]
[EventRounds "11"]
[EventCountry "HUN"]
[SourceTitle "EXT 2009"]
[Source "ChessBase"]
[SourceDate "2008.11.26"]
[SourceVersion "1"]
[SourceVersionDate "2008.11.26"]
[SourceQuality "1"]

1. d4 Nf6 2. Nc3 d5 3. Bg5 g6 4. Bxf6 exf6 5. e3 Bg7 6. Qf3 c6 7. Nge2 0-0 8. g4 b5 9. Ng3 Qa5 10. Bg2 b4 11. Nce2 b3+ 12. c3 bxa2 13. Nc1 Be6 14. Rxa2 Qb6 15. 0-0 Bc8 16. Re1 Ba6 17. h3 Nd7 18. b4 Bc4 19. Ra5 Qc7 20. Nf1 a6 21. Nd2 Bb5 22. Ncb3 Rfe8 23. Bf1 Bf8 24. Rea1 Qb7 25. R5a3 Kg7 26. Na5 Qc7 27. e4 Nb6 28. Nab3 Qb7 29. Nc5 Bxc5 30. bxc5 dxe4 31. Nxe4 Bxf1 32. Rxf1 Nc4 33. Qxf6+ Kg8 34. Nd6 Nxd6 35. Qxd6 Re6 36. Qg3 Qb5 37. Raa1 Rae8 38. Rab1 Qc4 39. Rb8 Rxb8 40. Qxb8+ Kg7 41. Qg3 a5 42. Rd1 a4 43. d5 cxd5 44. Rd4 Qa6 45. c4 a3 46. Qc3 a2 47. Rxd5+ Rf6 48. Qa1 Qxc4 49. Rd6 Qf4 50. Rxf6 Qxf6 51. Qxa2 Qc3 52. Qd5 Qxh3 53. Qd4+ Kf8 54. c6 Qa3 55. Qd8+ Kg7 56. Qd4+ Kf8 1/2-1/2

[Event "HUN-chT2 Szechenyi 0203"]
[Site "Hungary"]
[Date "2002.10.13"]
[Round "2"]
[White "Horvath, Gabor"]
[Black "Takacs, Andras"]
[Result "1/2-1/2"]
[WhiteElo "2088"]
[BlackElo "2027"]
[PlyCount "95"]
[EventDate "2002.09.22"]
[EventType "team"]
[EventRounds "11"]
[EventCountry "HUN"]
[SourceTitle "EXT 2009"]
[Source "ChessBase"]
[SourceDate "2008.11.26"]
[SourceVersion "1"]
[SourceVersionDate "2008.11.26"]
[SourceQuality "1"]

1. e4 c5 2. Nf3 Nc6 3. d4 cxd4 4. Nxd4 Nf6 5. Nc3 a6 6. g3 e6 7. Bg2 Bb4 8. Nde2 0-0 9. 0-0 Qc7 10. h3 Rb8 11. g4 h6 12. a3 Be7 13. Ng3 b5 14. f4 Bc5+ 15. Kh2 d6 16. h4 Bd4 17. g5 hxg5 18. hxg5 Ne8 19. Nce2 Qa7 20. Nxd4 Qxd4 21. Qe2 Qc4 22. Qh5 Ne7 23. Rf3 g6 24. Qh6 Qd4 25. e5 Bb7 26. Rd3 Qf2 27. Rd2 Qxf4 28. Bxb7 Nf5 29. Qh3 Rxb7 30. Re2 Qc4 31. b3 Qc3 32. Rb1 d5 33. Nxf5 Qxh3+ 34. Kxh3 gxf5 35. Bd2 Ng7 36. Bb4 Rc8 37. Kg3 Rbc7 38. c3 Nh5+ 39. Kf3 Kh7 40. Rh1 Kg6 41. Reh2 Rxc3+ 42. Bxc3 Rxc3+ 43. Kf2 Nf4 44. Rh8 Kg7 45. R1h4 Nd3+ 46. Ke3 Rxb3 47. R4h7+ Kg6 48. Rh6+ 1/2-1/2

[Event "HUN-ch univ"]
[Site "Hungary"]
[Date "2000.??.??"]
[Round "?"]
[White "Miko, Valer"]
[Black "Takacs, Andras"]
[Result "1/2-1/2"]
[WhiteElo "2045"]
[BlackElo "2035"]
[PlyCount "34"]
[EventDate "2000.??.??"]
[EventType "swiss"]
[EventRounds "7"]
[EventCountry "HUN"]
[SourceTitle "EXT 2004"]
[Source "ChessBase"]
[SourceDate "2003.11.25"]
[SourceVersion "1"]
[SourceVersionDate "2003.11.25"]
[SourceQuality "1"]

1. e4 e5 2. Bc4 Bc5 3. Nf3 Nc6 4. c3 Nf6 5. d4 exd4 6. 0-0 dxc3 7. Nxc3 d6 8. Bg5 h6 9. Bxf6 Qxf6 10. Nd5 Qd8 11. b4 Bb6 12. a4 Ne5 13. Nxb6 axb6 14. Nxe5 dxe5 15. Qxd8+ Kxd8 16. Bxf7 Ke7 17. Bb3 Rf8 1/2-1/2

[Event "HUN-ch univ"]
[Site "Hungary"]
[Date "2000.??.??"]
[Round "?"]
[White "Takacs, Andras"]
[Black "Mester, Gyula"]
[Result "0-1"]
[WhiteElo "2035"]
[BlackElo "2360"]
[PlyCount "54"]
[EventDate "2000.??.??"]
[EventType "swiss"]
[EventRounds "7"]
[EventCountry "HUN"]
[SourceTitle "EXT 2004"]
[Source "ChessBase"]
[SourceDate "2003.11.25"]
[SourceVersion "1"]
[SourceVersionDate "2003.11.25"]
[SourceQuality "1"]

1. e4 c5 2. Nf3 Nc6 3. d4 cxd4 4. Nxd4 Nf6 5. Nc3 e5 6. Ndb5 d6 7. Bg5 a6 8. Na3 b5 9. Nd5 Be7 10. Bxf6 Bxf6 11. c3 Bg5 12. Bd3 Be6 13. Bb1 Rb8 14. Nc2 0-0 15. Nce3 b4 16. Qa4 bxc3 17. bxc3 Ne7 18. 0-0 Nxd5 19. exd5 Bd7 20. Qd1 Bf5 21. Re1 e4 22. Qc2 Qa5 23. a4 Bf6 24. Ra3 Rfc8 25. Rc1 Bxc3 26. Qe2 Bb4 27. Rxc8+ Rxc8 0-1